000 00816nam a22002177a 4500
003 0
005 20250129101807.0
008 150827b xxu||||| |||| 00| 0 eng d
050 _aPGS TX 360.5
_b.C112 2015
100 _aCabana, Terrence Patrick E.
245 _aEating preference and academic achievement of grade 6 students /
_cTerrence Patrick E. Cabana.
260 _aLas PiƱas City, Philippines :
_bSouthville International School and Colleges,
_c2015.
300 _a34 p. :
_bill. ;
_c28 cm.
_fPASS
504 _aIncludes bibliographical references.
650 _2Library of Congress Subject Headings
_aFood preferences.
650 _aAcademic achievement.
650 _aFood habits
_vChildren.
650 _aNutrition and academic achievement.
650 _aGrade six (Education)
942 _2lcc
_cPASS
999 _c288550
_d288550